000 01078nab a2200277 i 4500
001 193693
003 ES-MaACL
005 20250810063057.0
007 t|
008 240206s1917 sp ||||1| spa d
040 _aES-MaACL
_bspa
245 0 0 _aAsamblea de Parlamentarios celebrada el martes último :
_ben el Ateneo de Madrid /
_cfoto, Duque
246 1 _aCrónica de actualidades :
_ben el Ateneo de Madrid
260 _a[Madrid :
_bBlanco y Negro,
_c1917]
300 _a1 página :
_b1 ilustración ;
_c30 cm
336 _2rdacontent
_atexto
337 _2rdamedia
_asin mediación
338 _2rdacarrier
_avolumen
500 _aFotocopia del artículo sobre la Asamblea de Parlamentarios celebrada en el Ateneo de Madrid, publicado en "Blanco y negro", 4 de noviembre de 1917, n. 1381
610 2 4 _aAteneo de Madrid-
_vConferencias-
_y1900-1939
_91907
700 1 _aDuque, Julio,
_dca. 1870-1936
_epht
_9235025
852 4 _aES-MaACL
_cDEPOF
_j2347-F-56
_9201217
942 _2udc
_cANAB
_n0
999 _c193693
_d193693